000 00789nam a2200277Ia 4500
003 OSt
005 20221005083817.0
006 a|||||r|||| 00| 0
007 ta
008 221004b |||||||| |||| 00| 0 eng d
020 _a0852260237
024 _a25142
037 _cTextual
040 _aCRL
_cCRL
_beng
041 _2eng
_aeng
082 _aT48g, L0;N2
100 _aAnderson Janathan
_9443946
245 0 _aThesis and assignment writing
260 _aNew Delhi
_bWiley Eastern Private Limited India
_c1992
300 _a135p.
_ccm.
650 _aEDUCATION
700 _a Durston Berry H
_9612847
700 _a Poole Millicent
_9612848
942 _hT48g, L0;N2
_cTEXL
_2cc
999 _c991592
_d991592